| 000 | 00866nam a2200265 i 4500 | ||
|---|---|---|---|
| 001 | 15620 | ||
| 003 | ES-MaACL | ||
| 005 | 20250808011137.0 | ||
| 007 | t| | ||
| 008 | 000406s1999 sp |||| | spa d | ||
| 020 | _a84-8211-225-2 | ||
| 080 | _a821.134.2-14"18/19"(082.2) | ||
| 080 | _a821.134.2-1.09"18/19" | ||
| 245 | 0 | 0 |
_aPoesía bohemia española _b: antología de temas y figuras / _cedición, estudio y notas de Victor Fuentes. |
| 260 |
_aMadrid : _bCeleste, _c[1999] |
||
| 300 |
_a295 p. ; _c24 cm. |
||
| 490 | 1 |
_aBiblioteca de la bohemia ; _v4 |
|
| 650 | 4 |
_aPoesía española- _yS.XIX _916217 |
|
| 650 | 1 | 4 |
_aPoesías españolas- _yS.XX. _916221 |
| 650 | 7 |
_aVida bohemia _2embne _917789 |
|
| 700 | 1 |
_aFuentes, Victor. _952913 |
|
| 830 | 0 |
_aBiblioteca de la bohemia ; _v4 _9179766 |
|
| 852 |
_aES-MaACL _jL-22678 |
||
| 999 |
_c15620 _d15620 |
||